<?xml version="1.0" encoding="UTF-8"?>
<record
    xmlns:xsi="http://www.w3.org/2001/XMLSchema-instance"
    xsi:schemaLocation="http://www.loc.gov/MARC21/slim http://www.loc.gov/standards/marcxml/schema/MARC21slim.xsd"
    xmlns="http://www.loc.gov/MARC21/slim">

  <leader>00707nam a22002057a 4500</leader>
  <controlfield tag="003">OSt</controlfield>
  <controlfield tag="005">20160222141310.0</controlfield>
  <controlfield tag="008">160218e2016    sp ||||| |||| 00| 0 spa d</controlfield>
  <datafield tag="020" ind1=" " ind2=" ">
    <subfield code="a">9788416572182</subfield>
  </datafield>
  <datafield tag="040" ind1=" " ind2=" ">
    <subfield code="b">cat</subfield>
    <subfield code="c">CPCLleida</subfield>
  </datafield>
  <datafield tag="100" ind1="1" ind2=" ">
    <subfield code="9">4618</subfield>
    <subfield code="a">Zallo, Ram&#xF3;n</subfield>
    <subfield code="d">1948-</subfield>
  </datafield>
  <datafield tag="245" ind1="1" ind2="0">
    <subfield code="a">Tendencias en comunicaci&#xF3;n</subfield>
    <subfield code="b">: Cultura digital y poder</subfield>
    <subfield code="c">Ram&#xF3;n Zallo Elgezabal; pr&#xF3;logos de Guillermo Mastrini, Mart&#xED;n Becerra y Patxi Azpillaga</subfield>
  </datafield>
  <datafield tag="260" ind1=" " ind2=" ">
    <subfield code="a">Barcelona</subfield>
    <subfield code="b">Gedisa</subfield>
    <subfield code="c">2016</subfield>
  </datafield>
  <datafield tag="300" ind1=" " ind2=" ">
    <subfield code="a">349 p.</subfield>
    <subfield code="c">23 cm</subfield>
  </datafield>
  <datafield tag="504" ind1=" " ind2=" ">
    <subfield code="a">Bibliografia</subfield>
  </datafield>
  <datafield tag="650" ind1="0" ind2="4">
    <subfield code="9">2757</subfield>
    <subfield code="a">Mitjans de comunicaci&#xF3; de massa</subfield>
    <subfield code="x">Aspectes socials</subfield>
  </datafield>
  <datafield tag="650" ind1="0" ind2="0">
    <subfield code="9">3156</subfield>
    <subfield code="a">Societat de la informaci&#xF3;</subfield>
  </datafield>
  <datafield tag="700" ind1="1" ind2=" ">
    <subfield code="9">3107</subfield>
    <subfield code="a">Becerra, Mart&#xED;n</subfield>
    <subfield code="e">pr</subfield>
  </datafield>
  <datafield tag="942" ind1=" " ind2=" ">
    <subfield code="c">MON</subfield>
    <subfield code="2">udc</subfield>
  </datafield>
  <datafield tag="999" ind1=" " ind2=" ">
    <subfield code="c">6911</subfield>
    <subfield code="d">6911</subfield>
  </datafield>
  <datafield tag="952" ind1=" " ind2=" ">
    <subfield code="0">0</subfield>
    <subfield code="1">0</subfield>
    <subfield code="4">0</subfield>
    <subfield code="7">0</subfield>
    <subfield code="a">LLEIDA</subfield>
    <subfield code="b">LLEIDA</subfield>
    <subfield code="d">2016-02-18</subfield>
    <subfield code="e">Donaci&#xF3;</subfield>
    <subfield code="g">27.90</subfield>
    <subfield code="l">0</subfield>
    <subfield code="o">788 COM</subfield>
    <subfield code="p">LLEIDA16020002</subfield>
    <subfield code="r">2016-02-18</subfield>
    <subfield code="v">27.90</subfield>
    <subfield code="w">2016-02-18</subfield>
    <subfield code="y">MON</subfield>
  </datafield>
</record>
